Country Mottos Quiz - Statistics

General Stats
  • This quiz has been taken 29 times
  • The average score is 5 of 14
Answer Stats
Motto in Original Language English Translation Country % Correct
Liberté, égalité, fraternité Liberty, equality, fraternity France
100%
En dios confiamos In god we trust Nicaragua | United States
84%
Dieu et mon droit God and my right United Kingdom
72%
Bhinneka tunggal ika Unity in diversity Indonesia | Papua New Guinea | South Africa
52%
Je maintiendrai I will maintain Netherlands
48%
Satyamēva jayatē Truth alone triumphs India
28%
Por la razón o la fuerza Through reason or by force Chile
20%
Harambee All pull together Kenya
20%
Pro mundi beneficio For the benefit of the world Panama
16%
Virtus unita fortior Strength united is stronger Angola
12%
Pride and industry Barbados
4%
Chéat sasna preăhmôhaksât Nation, religion, king Cambodia
4%
Kullunā li-l-waṭan, li-l-ʿulā li-l-ʿalam We are all for the country, the sublime and the flag Lebanon
4%
Kuch adolatdadir The strength is in the justice Uzbekistan
4%
No matching quizzes found
Score Distribution
Percent of People with Each Score
Percentile by Number Answered
Your Score History
You have not taken this quiz